00589nam a2200157 i 450000100060000000300090000600500170001500700030003200800410003510000340007624501650011026000630027530000220033870000390036085200320039958301ES-MaACL20230906163755.0t|031021s1981 sp ||||1| spa d1 aDurán Herrera, Juan José.13aLa internacionalización de la empresa española b: inversiones españolas en el exterior / cJuan José Durán Herrera, María Paloma Sánchez Muñoz. a[Madrid] : bMinisterio de Economía y Comercio, c[1981] a373 p. ; c24 cm.1 aSánchez Muñoz, María Paloma. aES-MaACLjL-6225 bR.106822